00828nam a2200181 450000500170000002000320001704000340004908200120008310000170009524500530011226000660016530000350023150400190026652003240028554600090060965000150061870000130063320251008065847.0 a9788120333192cTZS 13,981/= aMCCLbeng.eAACR 2nd rev. ed. a657 SOF aSofat, Rajni aBasic accounting c/ Rajni Sofat and Preeti Hiro aNew Delhi : bPrentice Hall of India Private Limited,cc2008. axii, 440 p. : bill. ;c24 cm. aIncludes index aThis text discusses the fundamental principles and techniques used in accounting. It begins with an introduction to accounting and then presents the double entry system, explains the rules of writing journal and ledger entries, teaches preparation of final accounts, and elaborates on the management accounting process. aeng. aAccounting aHiro, P.